000 00659nam a2200181 i 4500
001 112795
003 ES-MaACL
005 20250816063139.0
008 061121s1931 gw |||| | ger d
100 1 _aNóvoa Santos, Roberto,
_d1885-1933
_986096
245 1 0 _aPsychogene regulierung über die eingeweidefunktionen und den stoffwechsel /
_cvon Prof. Dr. Nóvoa Santos un Dr. Jaso.
260 _aBerlin :
_bDruck von E. Schumacher,
_c1931.
300 _a8 p. ;
_c24 cm.
595 _aTrabajo publicado en: Medizinsche Klinik, n. 2, 1931.
650 0 4 _aMetabolismo-
_xTrastornos.
_915011
852 _aES-MaACL
_j1799-F-6
999 _c112795
_d112795